Blood testosterone in middle aged males heavily exposed to endocrine disruptors is decreasing more with HBC and p,p'/DDE related to BMI and lipids, but not with Σ15PCBs
Na minha lista:
| Autor principal: | |
|---|---|
| Outros Autores: | , , , , , , |
| Formato: | Capítulo de Livro |
| Idioma: | inglês |
| Assuntos: | |
| Tags: |
Sem tags, seja o primeiro a adicionar uma tag!
|
MARC
| LEADER | 00000naa a2200000 4500 | ||
|---|---|---|---|
| 001 | 0171975 | ||
| 005 | 20250917102601.6 | ||
| 041 | 0 | |a eng | |
| 044 | |a SK | ||
| 245 | 1 | 0 | |a Blood testosterone in middle aged males heavily exposed to endocrine disruptors is decreasing more with HBC and p,p'/DDE related to BMI and lipids, but not with Σ15PCBs |c P. Langer, A. Kočan, B. Drobná, Katarína Sušienková, Ž. Rádiková, M. Hučková, R. Imrich, I. Klimeš |
| 610 | 2 | 0 | |a medicína |
| 100 | 1 | |a Langer, P. | |
| 700 | 1 | |a Kočan, A. | |
| 700 | 1 | |a Drobná, B. | |
| 700 | 1 | |a Sušienková, Katarína, 1967- | |
| 700 | 1 | |a Rádiková, Ž. | |
| 700 | 1 | |a Hučková, M. | |
| 700 | 1 | |a Imrich, R. | |
| 700 | 1 | |a Klimeš, I. | |